| 000 | 00976nam2a22002291 4500 | ||
|---|---|---|---|
| 001 | rc\46492 | ||
| 005 | 20250620193206.0 | ||
| 035 | _a(NLR Aleph) 005386578 | ||
| 090 |
_a7150705 _c7150705 |
||
| 100 | _a20021216d1995 |||y0rusy50 ca | ||
| 101 | 0 | _arus | |
| 102 | _aRU | ||
| 105 | _ay ||||||||| | ||
| 200 | 0 | _aКн. 2 | |
| 215 | _a191 с. | ||
| 461 | 0 |
_1001rc\46490 _12001#$aСеребряное пламя$eРоман$e[В 2 кн.$eПер. с англ.]$fСьюзен Джонсон$vКн. 2 _1700#1$aДжонсон$bС.$cавтор романов$f1939-$gСьюзен$3RU\NLR\AUTH\770247509 _97150688 _aДжонсон, С. (автор романов ; 1939-) _cМ. _d1995 _fСьюзен Джонсон _nМеждунар. журн. "Панорама" _oРоман : [В 2 кн. : Пер. с англ.] _tСеребряное пламя _vКн. 2 |
|
| 801 | 0 |
_aRU _bNLR _gpsbo |
|
| 801 | 1 |
_aRU _bELAR _2rusmarc |
|
| 852 |
_aNLR _j95-2/318 |
||
| 942 | _cBOOK | ||
| 980 | _aNB | ||